[Event "23rd OIBM 2019"]
[Site "Gmund am Tegernsee"]
[Date "2019.10.29"]
[Round "4.24"]
[White "Marin, Mihail"]
[Black "Cordes, Hans-Joerg"]
[Result "1/2-1/2"]
[WhiteElo "2524"]
[BlackElo "2188"]
[Annotator "TA"]
[PlyCount "54"]
[EventDate "2019.10.17"]
[EventType "swiss"]
[EventCountry "GER"]
[SourceTitle "playchess.com"]
[Source "ChessBase"]
[SourceQuality "1"]

{[%evp 10,54,25,10,55,17,7,0,0,-9,0,0,3,-11,0,-23,-15,-39,-40,-47,-19,-94,-91,-89,-64,-59,-66,-72,-63,-58,-59,-121,-130,-126,-31,-37,-29,-26,-34,-20,-14,-34,-44,-45,-5,-146,-149]} 1. c4 e5 2. g3 Nf6 3. Bg2 Nc6 4. Nc3 Bc5 5. Nf3 O-O 6. O-O d5 {A29: English Opening: Four Knights Variation with 4 g3} 7. cxd5 (7. Nxe5 $5 Nxe5 8. d4 $14 {[%mdl 64] Double Attack}) 7... Nxd5 8. d3 Bb6 {The position is equal.} 9. Na4 f6 $146 ({Predecessor:} 9... Re8 10. Bg5 Qd6 11. Nd2 Qg6 12. Ne4 Bg4 13. h3 Be6 14. Bd2 {0-1 (38) Eljanov,P (2739)-Grischuk,A (2761) Geneva 2017}) 10. b3 Be6 11. Ba3 Re8 12. Rc1 Qd7 13. Nc5 Bxc5 14. Rxc5 Ndb4 15. Rb5 {[#]} (15. Qd2 $11 a5 16. Rfc1) 15... a5 $1 $17 16. Rxb7 Nd8 ({Reject} 16... Nxa2 $6 17. Qc2 $11) 17. Bxb4 Nxb7 18. Bc3 {Nxe5 would now be nice for White.} Bd5 19. Qc2 a4 20. Rc1 (20. e4 $15 axb3 21. axb3) 20... axb3 21. axb3 e4 (21... Nc5 $17 22. Nd2 Bxg2 23. Kxg2 Ne6) 22. dxe4 $15 Bxe4 23. Ne5 $1 Bxc2 24. Nxd7 Be4 $36 {[%mdl 2048] Hoping for ...Bxg2. Black has some pressure.} 25. Bxe4 (25. Bxf6 $5 c5 26. e3 $11) 25... Rxe4 {[#]} 26. Bxf6 $1 {[%mdl 512]} Nd6 (26... gxf6 27. Nxf6+) 27. Bg5 (27. Rc2 $11) 27... Rxe2 {Accuracy: White = 31%, Black = 54%.} 1/2-1/2

[Event "23rd OIBM 2019"]
[Site "Gmund am Tegernsee"]
[Date "2019.10.29"]
[Round "4.25"]
[White "Engel, Luis"]
[Black "Wiechert, Hans"]
[Result "1-0"]
[WhiteElo "2507"]
[BlackElo "2187"]
[Annotator "TA"]
[PlyCount "53"]
[EventDate "2019.10.17"]
[EventType "swiss"]
[EventCountry "GER"]
[SourceTitle "playchess.com"]
[Source "ChessBase"]
[SourceQuality "1"]

{[%evp 18,53,27,4,36,7,22,18,24,23,18,0,27,-13,-11,-18,0,0,0,0,57,61,60,70,108,108,249,236,256,257,775,764,960,643,29996,29997,29997,29998]} 1. e4 c5 2. Nf3 e6 3. d4 cxd4 4. Nxd4 Nc6 5. Nc3 Qc7 6. Be2 a6 7. O-O Nf6 8. Be3 Bb4 9. Nxc6 bxc6 10. f4 O-O {B49: Sicilian: Taimanov: 5 Nc3 Qc7 6 Be3 a6 7 Be2} (10... Bxc3 $5 11. bxc3 Nxe4 $11) 11. e5 (11. Na4 {keeps more tension.} Rb8 12. Bf3 Rd8 13. c3 Bf8 14. Rc1) 11... Nd5 12. Nxd5 cxd5 {The position is equal.} 13. c3 (13. Bd4 a5 14. Rf3 Ba6 15. Rh3 Bc5 16. Bxa6 Rxa6 17. Qd3 Bxd4+ 18. Kh1 {0-1 (51) Mista,A (2599)-Duda,J (2730) Katowice 2019}) 13... Bc5 {[#]} 14. Bd4 $146 ({Predecessor:} 14. Qd2 d6 15. Kh1 a5 16. b4 Bxe3 17. Qxe3 Bd7 18. b5 {1-0 (34) Cornette,M (2581)-Stebbings,A (2297) England 2016}) 14... d6 15. Kh1 (15. b4 $5 {[%cal Rb4c5]} Ba7 16. Kh1 $11) 15... a5 16. Rf3 Ba6 17. Bxa6 {Hoping for Bb5.} Rxa6 18. exd6 Bxd6 (18... Qxd6 $11 19. Rc1 Bxd4 20. Qxd4 g6) 19. Rh3 $1 $14 {aiming for Qd3!} f5 20. Qe2 $36 {[%mdl 2112] Double Attack. White fights for an advantage.} Rc6 21. Qxe6+ Rf7 (21... Qf7 $16 22. Qxf7+ Rxf7) 22. Qxd5 $18 Bxf4 23. Re1 {[%cal Re1e8]} Bd6 $2 (23... h6 24. Rf3 Rd6) 24. Re6 h6 {[#]} 25. Rg3 $1 {[%mdl 576] Pin} Kh7 {[#]} (25... Bxg3 26. Rxc6) 26. Rxg7+ $1 {[%mdl 576] Deflection, Back Rank} Rxg7 27. Qxf5+ {Accuracy: White = 76%, Black = 28%.} 1-0

[Event "23rd OIBM 2019"]
[Site "Gmund am Tegernsee"]
[Date "2019.10.29"]
[Round "4.26"]
[White "Loiseau, Quentin"]
[Black "Paris, Michael"]
[Result "1-0"]
[WhiteElo "2471"]
[BlackElo "2186"]
[Annotator "TA"]
[PlyCount "65"]
[EventDate "2019.10.17"]
[EventType "swiss"]
[EventCountry "GER"]
[SourceTitle "playchess.com"]
[Source "ChessBase"]
[SourceQuality "1"]

{[%evp 9,65,-6,0,0,33,47,40,46,37,34,114,116,136,104,113,112,178,170,187,192,192,188,202,179,178,171,181,172,180,182,195,170,172,169,199,183,181,185,181,159,154,133,141,113,245,214,229,241,236,218,557,562,29994,29995,29995,29995,29996,29996]} 1. d4 d5 2. c4 e6 3. Nf3 Nf6 4. Bg5 Bb4+ 5. Nbd2 dxc4 6. e3 {D30: Queen's Gambit Declined: Systems without Nc3} (6. e4 Bxd2+ 7. Nxd2 Qxd4 8. Qc2 Nc6 9. Bxc4 h6 10. Be3 Qd6 11. Bb5 Bd7 12. O-O-O Nb4 13. Bxd7+ Nxd7 {½-½ (56) Mamedyarov,S (2817)-Harikrishna,P (2729) Kolkata 2018}) 6... Qd5 {[#] And now ...Bxd2+ would win.} 7. Bxf6 gxf6 8. a3 {[%cal Ba2a3,Ba3a4][%mdl 32] White is slightly better.} Bxd2+ $146 ({Predecessor:} 8... Ba5 9. Qc2 b5 10. a4 a6 11. Be2 Bb7 12. O-O Bxd2 13. Qxd2 Rg8 {1-0 (47) Sokolov,I (2525)-Vasiljevic,D (2340) Pancevo 1987}) 9. Nxd2 b5 (9... Nd7 $14) 10. Be2 $16 {[#] Bf3 is the strong threat.} c6 11. Bf3 Qd8 12. a4 b4 (12... Ba6 $16) 13. Nxc4 $18 a5 14. Rc1 {[%cal Ba1c1,Bc1c2,Bc2c5][%mdl 32]} O-O 15. O-O Bb7 16. Qb3 Ra7 17. Nd2 Qe7 18. Rc2 Kh8 19. Rfc1 Rd8 20. Ne4 Bc8 21. Rc5 e5 22. d5 cxd5 23. Rxc8 {Strongly threatening Qxd5.} dxe4 24. Bxe4 {Threatens to win with Bf5.} Kg7 25. Rxd8 Qxd8 26. Bf5 Qe7 (26... Qd2 $16 27. Qc4 h5) 27. Qd1 {White wants to mate with Rc8.} ({Weaker is} 27. e4 Rc7 $14) 27... Rc7 28. Qg4+ Kf8 29. Rd1 $40 {[%mdl 128] Black is in trouble.} Na6 $2 (29... h6 {is tougher.} 30. Qh4 Kg7 31. Qg3+ Kh8) 30. Bxh7 {[%csl Gh7][%cal Rg4g8]} Qc5 31. Qg8+ {White mates.} Ke7 32. Qd8+ Ke6 33. g4 {Played: e3-e4} 1-0

[Event "23rd OIBM 2019"]
[Site "Gmund am Tegernsee"]
[Date "2019.10.29"]
[Round "4.27"]
[White "Kraich, Klaus"]
[Black "Hoffmann, Michael"]
[Result "0-1"]
[WhiteElo "2183"]
[BlackElo "2445"]
[Annotator "ChessBase"]
[PlyCount "42"]
[EventDate "2019.10.17"]
[EventType "swiss"]
[EventCountry "GER"]
[SourceTitle "playchess.com"]
[Source "ChessBase"]
[SourceQuality "1"]
[TimeControl "40/5400+30:1800+30"]

1. b3 {[%emt 0:00:00]} e5 {[%emt 0:04:51]} 2. Bb2 {[%emt 0:00:00]} d6 {[%emt 0:01:38]} 3. e3 {[%emt 0:01:21]} Nf6 {[%emt 0:04:15]} 4. c4 {[%emt 0:03:41]} g6 {[%emt 0:02:25]} 5. Na3 {[%emt 0:13:19]} Bg7 {[%emt 0:00:47]} 6. Nf3 {[%emt 0:02:16]} O-O {[%emt 0:03:56]} 7. d4 {[%emt 0:02:37]} exd4 {[%emt 0:02:43]} 8. Nxd4 {[%emt 0:00:15]} Re8 {[%emt 0:11:08]} 9. Be2 {[%emt 0:00:48]} Ne4 {[%emt 0:02:51]} 10. Qc1 {[%emt 0:02:42]} Qf6 {[%emt 0:02:48]} 11. Bf3 {[%emt 0:14:54]} c5 {[%emt 0:02:42]} 12. Nab5 {[%emt 0:00:44]} cxd4 {[%emt 0:05:24]} 13. Nc7 {[%emt 0:00:53]} Qd8 {[%emt 0:01:56]} 14. Nxe8 {[%emt 0:14:05]} Qxe8 {[%emt 0:01:07]} 15. O-O {[%emt 0:04:49]} dxe3 {[%emt 0:02:13]} 16. Bxg7 {[%emt 0:05:25]} exf2+ {[%emt 0:03:14]} 17. Rxf2 {[%emt 0:00:57]} Nxf2 {[%emt 0:08:31]} 18. Qc3 {[%emt 0:03:06]} Nd3 {[%emt 0:02:24]} 19. Kf1 {[%emt 0:10:25]} Nc6 {[%emt 0:02:50]} 20. Rd1 {[%emt 0:02:18]} Bf5 {[%emt 0:02:13]} 21. Bd5 {[%emt 0:06:27]} Qe3 {[%emt 0:01:21]} 0-1

[Event "23rd OIBM 2019"]
[Site "Gmund am Tegernsee"]
[Date "2019.10.29"]
[Round "4.28"]
[White "Fleuren, Jan"]
[Black "Ries, Berthold"]
[Result "1/2-1/2"]
[WhiteElo "2097"]
[BlackElo "1854"]
[Annotator "NA"]
[PlyCount "57"]
[EventDate "2019.10.17"]
[EventType "swiss"]
[EventCountry "GER"]
[SourceTitle "playchess.com"]
[Source "ChessBase"]
[SourceQuality "1"]
[TimeControl "40/5400+30:1800+30"]

1. e4 {[%emt 0:00:00]} c5 {[%emt 0:00:00]} 2. b3 {[%emt 0:00:00]} d6 {[%emt 0:00:00]} 3. Bb2 {[%emt 0:00:00]} Nf6 {[%emt 0:00:11]} 4. Bb5+ {[%emt 0:01:09]} Nbd7 {[%emt 0:00:26]} 5. d3 {[%emt 0:03:38]} a6 {[%emt 0:09:16]} (5... g6 6. Bxd7+ Bxd7 7. Nc3 Bc6 8. Nd5 Bxd5 9. exd5 Qa5+ 10. Qd2 Qxd2+ 11. Kxd2 Bh6+ 12. Kd1 Bg7 {½-½ (23) Paichadze,L (2543)-Hovhannisyan,R (2592) Tbilisi 2014}) 6. Bxd7+ {[%emt 0:00:13] B20: Sicilian: Unusual White 2nd moves} Bxd7 {[%emt 0:01:52]} 7. f4 {[%emt 0:00:21]} Bc6 {[%emt 0:07:16]} 8. Nd2 {[%emt 0:01:45]} g6 {[%emt 0:02:12]} 9. Ngf3 {[%emt 0:02:55]} Bg7 {[%emt 0:01:02]} 10. O-O {[%emt 0:00:24]} O-O {[%emt 0:00:20]} 11. Rb1 {[%emt 0:03:57]} b5 $146 {[%emt 0:05:17]} ({Predecessor:} 11... a5 12. Qe1 a4 13. Qh4 {0-1 (49) Aliyev,E (2157)-Benidze,D (2459) Kocaeli 2014}) 12. Qe2 {[%emt 0:03:26]} e6 {[%emt 0:01:27]} 13. c4 {[%emt 0:05:03]} Nh5 {[%emt 0:04:36]} 14. Bxg7 {[%emt 0:00:51]} Nxg7 {[%emt 0:00:19]} 15. d4 {[%emt 0:01:00]} cxd4 {[%emt 0:04:37]} 16. Nxd4 {[%emt 0:00:08]} Qb6 {[%emt 0:04:32]} 17. Qf2 {[%emt 0:00:09]} Bd7 {[%emt 0:06:12]} 18. N4f3 {[%emt 0:04:40]} Qxf2+ {[%emt 0:09:23]} 19. Kxf2 {[%emt 0:01:20]} Rfd8 $11 {[%emt 0:00:47]} 20. Rbc1 {[%emt 0:03:57]} Rac8 {[%emt 0:10:01]} 21. Rfe1 {[%emt 0:02:06]} b4 {[%emt 0:02:42]} 22. a3 {[%emt 0:12:21]} a5 {[%emt 0:00:59]} 23. axb4 {[%emt 0:01:20]} axb4 {[%emt 0:00:10]} 24. Ra1 {[%emt 0:00:01]} Ra8 {[%emt 0:00:31]} 25. e5 {[%emt 0:01:22]} d5 {[%emt 0:03:40]} 26. Nd4 {[%emt 0:04:34]} dxc4 {[%emt 0:06:16]} 27. Nxc4 {[%emt 0:01:12]} Nf5 {[%emt 0:00:46]} 28. Nxf5 {[%emt 0:00:13]} gxf5 {[%emt 0:00:28]} 29. g3 1/2-1/2

[Event "23rd OIBM 2019"]
[Site "Gmund am Tegernsee"]
[Date "2019.10.29"]
[Round "4.29"]
[White "Womacka, Mathias"]
[Black "Grigorieva, Yulia"]
[Result "1-0"]
[WhiteElo "2436"]
[BlackElo "2184"]
[Annotator "TA"]
[PlyCount "99"]
[EventDate "2019.10.17"]
[EventType "swiss"]
[EventCountry "GER"]
[SourceTitle "playchess.com"]
[Source "ChessBase"]
[SourceQuality "1"]

{[%evp 13,114,27,27,10,48,36,68,46,54,61,52,44,48,41,48,47,51,53,45,34,48,52,71,74,71,77,77,68,92,76,168,112,182,193,233,231,237,239,258,260,264,264,259,199,211,174,171,162,154,134,184,146,154,153,136,121,111,89,134,15,28,27,398,366,368,360,438,476,520,509,532,510,495,500,537,524,877,796,1528,1464,29954,12831,7544,9650,29972,29973,29973,29966,29983,29984,29984,29985,29985,29986,29987,29988,29988,29989,29989,29990,29990,29991,29995]} 1. e4 e5 2. Nf3 Nc6 3. Bc4 Nf6 4. d3 Bc5 5. O-O O-O 6. h3 d5 7. exd5 Nxd5 8. Re1 {C24: Bishop's Opening: 2...Nf6} Nb6 (8... Be6 9. Nbd2 f6 10. Nb3 Bb6 11. a4 a6 12. a5 Ba7 13. d4 Kh8 14. dxe5 Nxe5 15. Bxd5 Bxd5 16. Nxe5 fxe5 {½-½ (47) Nepomniachtchi,I (2775)-Nakamura,H (2754) Paris 2019}) 9. Bb3 Bf5 10. Nc3 {White is slightly better.} Re8 11. Ne4 $146 ({Predecessor:} 11. Ng5 Bg6 12. a3 Nd4 13. Ba2 a5 14. Nge4 Be7 {0-1 (47) Amalio,N-Carvalho,A Portugal 1993}) 11... Nd7 12. Nfg5 Rf8 13. c3 {Black must now prevent Nxf7.} Bg6 14. h4 h6 15. h5 $1 {[%cal Rh5g6]} Bxe4 $1 16. Nxe4 Kh8 17. Nxc5 Nxc5 18. Bc2 f5 19. b4 $36 {[%cal Bb2b4,Bb4b5][%mdl 2080] White is on the roll.} Nd7 20. b5 Ne7 21. Qf3 Ng8 (21... c6 $16) 22. a4 (22. Qxb7 $18 Qh4 23. Ba3 (23. Qxc7 Ngf6 $16)) 22... Qh4 (22... c6 $16 23. Ba3 (23. bxc6 bxc6 24. Ba3 c5 $16) 23... Rf6 24. bxc6 bxc6) 23. Ba3 $1 $18 (23. Qxb7 $6 Ngf6 $14) 23... Ngf6 24. Bxf8 Rxf8 25. Bd1 ({But not} 25. Qxb7 $6 Ng4 $16) 25... Ng4 26. Qg3 Qxg3 27. fxg3 Ndf6 28. Bf3 Rd8 29. Rad1 ({Much less strong is} 29. Bxb7 Rxd3 30. Rad1 Rxg3) 29... b6 30. Kf1 Kg8 31. Ke2 Kf7 32. Ra1 Nxh5 33. Bxg4 $1 fxg4 $16 {[%mdl 4096] Endgame KRR-KRN} 34. Kf2 Rxd3 35. Rxe5 Nxg3 {[#]} 36. Re3 (36. Rae1 $1 $16) 36... Rxe3 $11 37. Kxe3 {KR-KN} h5 $2 {[%mdl 8192] [#]} (37... g5 $1 $11) 38. Kf4 $1 $18 {[%cal Rf4g3]} Ne2+ 39. Kg5 Nxc3 40. Kxh5 g3 41. Rc1 Nd5 42. Kg4 Ke6 43. Kxg3 Ke5 44. Kg4 Kd4 45. Kg5 Nc3 46. g4 Nxa4 47. Rxc7 {[%mdl 64] Double Attack} Nc3 48. Rxa7 Nxb5 49. Rxg7 {White mates.} Nd6 {[#]} 50. Kf4 {Played: Rg7-d7} 1-0

[Event "23rd OIBM 2019"]
[Site "Gmund am Tegernsee"]
[Date "2019.10.29"]
[Round "4.30"]
[White "Smith, Bryan"]
[Black "Huber, Benedikt"]
[Result "1-0"]
[WhiteElo "2430"]
[BlackElo "2167"]
[Annotator "ChessBase"]
[PlyCount "71"]
[EventDate "2019.10.17"]
[EventType "swiss"]
[EventCountry "GER"]
[SourceTitle "playchess.com"]
[Source "ChessBase"]
[SourceQuality "1"]
[TimeControl "40/5400+30:1800+30"]

1. e4 {[%emt 0:00:00]} c5 {[%emt 0:00:00]} 2. Nf3 {[%emt 0:00:00]} e6 {[%emt 0:00:03]} 3. d4 {[%emt 0:00:00]} cxd4 {[%emt 0:00:16]} 4. Nxd4 {[%emt 0:00:04]} Nc6 {[%emt 0:00:25]} 5. Nc3 {[%emt 0:00:10]} Qc7 {[%emt 0:00:27]} 6. Be3 {[%emt 0:00:14]} a6 {[%emt 0:00:28]} 7. Bd3 {[%emt 0:00:31]} Nf6 {[%emt 0:01:46]} 8. O-O {[%emt 0:00:11]} b5 {[%emt 0:02:00]} 9. Nxc6 {[%emt 0:01:00]} dxc6 {[%emt 0:03:19]} 10. f4 {[%emt 0:07:14]} Bb7 {[%emt 0:02:07]} 11. e5 {[%emt 0:06:00]} Nd5 {[%emt 0:01:06]} 12. Nxd5 {[%emt 0:03:48]} cxd5 {[%emt 0:00:48]} 13. Bd4 {[%emt 0:08:21]} Bc5 {[%emt 0:03:02]} 14. c3 {[%emt 0:00:21]} g6 {[%emt 0:00:58]} 15. Qd2 {[%emt 0:05:28]} h5 {[%emt 0:21:30]} 16. a4 {[%emt 0:05:03]} b4 {[%emt 0:01:26]} 17. Qe3 {[%emt 0:02:24]} Bxd4 {[%emt 0:01:39]} 18. cxd4 {[%emt 0:00:33]} Qa5 {[%emt 0:07:57]} 19. Rfc1 {[%emt 0:10:25]} Rc8 {[%emt 0:01:07]} 20. Rxc8+ {[%emt 0:01:10]} Bxc8 {[%emt 0:00:05]} 21. Rc1 {[%emt 0:00:51]} Bd7 {[%emt 0:12:37]} 22. b3 {[%emt 0:00:53]} O-O {[%emt 0:03:07]} 23. Rc5 {[%emt 0:00:26]} Qb6 {[%emt 0:00:09]} 24. a5 {[%emt 0:09:33]} Qb7 {[%emt 0:03:43]} 25. Qe2 {[%emt 0:01:20]} Ra8 {[%emt 0:01:39]} 26. Kf2 {[%emt 0:02:14]} Qa7 {[%emt 0:09:19]} 27. Ke3 {[%emt 0:07:29]} Rc8 {[%emt 0:00:44]} 28. Qc2 {[%emt 0:00:40]} Qb7 {[%emt 0:00:33]} 29. Rxc8+ {[%emt 0:02:22]} Bxc8 {[%emt 0:03:40]} 30. Qc5 {[%emt 0:01:56]} Kg7 {[%emt 0:02:19]} 31. Qd6 {[%emt 0:01:20]} Kg8 {[%emt 0:01:28]} 32. Kf3 {[%emt 0:08:23]} Kg7 {[%emt 0:01:52]} 33. Kg3 {[%emt 0:00:32]} Kh7 {[%emt 0:13:34]} 34. Qf8 {[%emt 0:03:04]} Qc7 {[%emt 0:00:43]} 35. Kh4 {[%emt 0:06:51]} f5 {[%emt 0:00:49]} 36. Qxb4 {[%emt 0:01:09]} 1-0

[Event "23rd OIBM 2019"]
[Site "Gmund am Tegernsee"]
[Date "2019.10.29"]
[Round "4.31"]
[White "Bopp, Thomas"]
[Black "Braeuer, Franz"]
[Result "1/2-1/2"]
[WhiteElo "2156"]
[BlackElo "2429"]
[Annotator "ChessBase"]
[PlyCount "40"]
[EventDate "2019.10.17"]
[EventType "swiss"]
[EventCountry "GER"]
[SourceTitle "playchess.com"]
[Source "ChessBase"]
[SourceQuality "1"]
[TimeControl "40/5400+30:1800+30"]

1. d4 {[%emt 0:00:00]} Nf6 {[%emt 0:00:00]} 2. c4 {[%emt 0:00:00]} e6 {[%emt 0:00:00]} 3. g3 {[%emt 0:00:03]} Bb4+ {[%emt 0:00:33]} 4. Nc3 {[%emt 0:00:54]} O-O {[%emt 0:00:37]} 5. Bg2 {[%emt 0:00:27]} d5 {[%emt 0:00:16]} 6. Nf3 {[%emt 0:00:23]} dxc4 {[%emt 0:02:33]} 7. O-O {[%emt 0:00:23]} Nbd7 {[%emt 0:01:41]} 8. Qc2 {[%emt 0:02:33]} a6 {[%emt 0:19:05]} 9. Rd1 {[%emt 0:00:42]} Be7 {[%emt 0:12:02]} 10. Bf4 {[%emt 0:10:25]} Nd5 {[%emt 0:01:02]} 11. Ne5 {[%emt 0:03:38]} Nxf4 {[%emt 0:03:42]} 12. gxf4 {[%emt 0:00:10]} Nb6 {[%emt 0:05:30]} 13. e3 {[%emt 0:11:03]} f6 {[%emt 0:03:13]} 14. Be4 {[%emt 0:04:17]} f5 {[%emt 0:21:33]} 15. Bg2 {[%emt 0:01:40]} c6 {[%emt 0:00:03]} 16. Nb1 {[%emt 0:02:23]} Bd7 {[%emt 0:03:06]} 17. Nd2 {[%emt 0:01:14]} Be8 {[%emt 0:00:28]} 18. Ndxc4 {[%emt 0:00:54]} Nd5 {[%emt 0:02:11]} 19. a3 {[%emt 0:01:36]} Bh5 {[%emt 0:00:28]} 20. Rdc1 {[%emt 0:01:04]} Rc8 {[%emt 0:09:14]} 1/2-1/2

[Event "23rd OIBM 2019"]
[Site "Gmund am Tegernsee"]
[Date "2019.10.29"]
[Round "4.32"]
[White "Andersen, Jens Knud"]
[Black "Gschnitzer, Adrian"]
[Result "0-1"]
[WhiteElo "2142"]
[BlackElo "2412"]
[Annotator "ChessBase"]
[PlyCount "91"]
[EventDate "2019.10.17"]
[EventType "swiss"]
[EventCountry "GER"]
[SourceTitle "playchess.com"]
[Source "ChessBase"]
[SourceQuality "1"]
[TimeControl "40/5400+30:1800+30"]

1. d4 {[%emt 0:02:04]} Nf6 {[%emt 0:00:00]} 2. Bf4 {[%emt 0:00:39]} c5 {[%emt 0:00:00]} 3. e3 {[%emt 0:00:33]} cxd4 {[%emt 0:00:29]} 4. exd4 {[%emt 0:00:07]} Qb6 {[%emt 0:00:10]} 5. Na3 {[%emt 0:03:27]} a6 {[%emt 0:01:30]} 6. Nc4 {[%emt 0:01:01]} Qd8 {[%emt 0:00:09]} 7. c3 {[%emt 0:03:13]} b5 {[%emt 0:00:35]} 8. Ne3 {[%emt 0:00:31]} e6 {[%emt 0:01:27]} 9. Bd3 {[%emt 0:03:12]} Bb7 {[%emt 0:02:05]} 10. Nf3 {[%emt 0:00:45]} Be7 {[%emt 0:03:27]} 11. h3 {[%emt 0:00:58]} O-O {[%emt 0:00:40]} 12. O-O {[%emt 0:00:50]} Ne4 {[%emt 0:05:49]} 13. Qc2 {[%emt 0:14:19]} f5 {[%emt 0:00:36]} 14. a4 {[%emt 0:05:52]} b4 {[%emt 0:12:05]} 15. cxb4 {[%emt 0:02:07]} Nc6 {[%emt 0:01:23]} 16. b5 {[%emt 0:10:56]} Nb4 {[%emt 0:00:21]} 17. Qb3 {[%emt 0:00:40]} Nxd3 {[%emt 0:08:23]} 18. Qxd3 {[%emt 0:00:18]} g5 {[%emt 0:03:44]} 19. Be5 {[%emt 0:06:05]} axb5 {[%emt 0:03:18]} 20. axb5 {[%emt 0:00:24]} f4 {[%emt 0:02:29]} 21. Ng4 {[%emt 0:02:20]} h5 {[%emt 0:00:55]} 22. Nd2 {[%emt 0:06:06]} d5 {[%emt 0:14:58]} 23. f3 {[%emt 0:03:57]} hxg4 {[%emt 0:00:36]} 24. fxe4 {[%emt 0:01:08]} dxe4 {[%emt 0:02:44]} 25. Nxe4 {[%emt 0:00:37]} Qd5 {[%emt 0:03:46]} 26. Rxa8 {[%emt 0:02:41]} Bxa8 {[%emt 0:00:59]} 27. Re1 {[%emt 0:00:57]} Rf5 {[%emt 0:02:10]} 28. Qf1 {[%emt 0:09:20]} Bb4 {[%emt 0:13:51]} 29. Nc3 {[%emt 0:06:26]} Bxc3 {[%emt 0:02:12]} 30. bxc3 {[%emt 0:00:02]} gxh3 {[%emt 0:03:39]} 31. c4 {[%emt 0:00:37]} Qb7 {[%emt 0:01:56]} 32. c5 {[%emt 0:06:55]} hxg2 {[%emt 0:01:44]} 33. Qc4 {[%emt 0:00:23]} Qf7 {[%emt 0:01:55]} 34. c6 {[%emt 0:00:32]} f3 {[%emt 0:00:20]} 35. Kf2 {[%emt 0:00:35]} Kh7 {[%emt 0:03:48]} 36. c7 {[%emt 0:03:16]} Bb7 {[%emt 0:00:11]} 37. c8=Q {[%emt 0:00:23]} Bxc8 {[%emt 0:00:04]} 38. Qxc8 {[%emt 0:00:05]} g4 {[%emt 0:01:01]} 39. Qc7 {[%emt 0:03:34]} Qxc7 {[%emt 0:00:07]} 40. Bxc7 {[%emt 0:00:11]} Rxb5 {[%emt 0:00:06]} 41. Bg3 {[%emt 0:12:51]} Rh5 {[%emt 0:02:41]} 42. Bf4 {[%emt 0:05:39]} Rh1 {[%emt 0:00:46]} 43. Rg1 {[%emt 0:00:35]} Kg6 {[%emt 0:00:18]} 44. Be3 {[%emt 0:00:17]} Kf5 {[%emt 0:00:19]} 45. Kg3 {[%emt 0:00:38]} Rh3+ {[%emt 0:00:14]} 46. Kf2 {[%emt 0:00:14] Ke5} 0-1

[Event "23rd OIBM 2019"]
[Site "Gmund am Tegernsee"]
[Date "2019.10.29"]
[Round "4.33"]
[White "Piscopo, Pierluigi"]
[Black "Loew, Gerald"]
[Result "1/2-1/2"]
[WhiteElo "2398"]
[BlackElo "2162"]
[Annotator "ChessBase"]
[PlyCount "54"]
[EventDate "2019.10.17"]
[EventType "swiss"]
[EventCountry "GER"]
[SourceTitle "playchess.com"]
[Source "ChessBase"]
[SourceQuality "1"]
[TimeControl "40/5400+30:1800+30"]

1. e4 {[%emt 0:00:00]} d6 {[%emt 0:00:00]} 2. d4 {[%emt 0:00:00]} Nf6 {[%emt 0:00:00]} 3. Nc3 {[%emt 0:00:00]} e5 {[%emt 0:00:12]} 4. Nge2 {[%emt 0:00:50]} Nbd7 {[%emt 0:00:41]} 5. g3 {[%emt 0:00:38]} c6 {[%emt 0:00:59]} 6. Bg2 {[%emt 0:02:26]} b5 {[%emt 0:01:19]} 7. O-O {[%emt 0:00:19]} Be7 {[%emt 0:01:58]} 8. d5 {[%emt 0:03:15]} Bb7 {[%emt 0:02:57]} 9. dxc6 {[%emt 0:16:50]} Bxc6 {[%emt 0:00:10]} 10. a4 {[%emt 0:00:03]} bxa4 {[%emt 0:25:14]} 11. Be3 {[%emt 0:14:38]} O-O {[%emt 0:05:10]} 12. h3 {[%emt 0:01:57]} Qb8 {[%emt 0:08:33]} 13. Qd3 {[%emt 0:04:11]} Qb4 {[%emt 0:05:34]} 14. g4 {[%emt 0:07:15]} Nc5 {[%emt 0:02:45]} 15. Qd2 {[%emt 0:01:57]} Rab8 {[%emt 0:05:08]} 16. Ng3 {[%emt 0:02:11]} g6 {[%emt 0:21:41]} 17. Rfb1 {[%emt 0:10:47]} Rfc8 {[%emt 0:03:50]} 18. Qd1 {[%emt 0:12:12]} Rc7 {[%emt 0:01:40]} 19. g5 {[%emt 0:08:54]} Nfd7 {[%emt 0:00:53]} 20. Nd5 {[%emt 0:02:28]} Bxd5 {[%emt 0:00:07]} 21. exd5 {[%emt 0:00:03]} Rcb7 {[%emt 0:04:10]} 22. b3 {[%emt 0:02:41]} axb3 {[%emt 0:00:58]} 23. cxb3 {[%emt 0:00:01]} Qh4 {[%emt 0:01:34]} 24. Qg4 {[%emt 0:02:08]} Qxg4 {[%emt 0:00:15]} 25. hxg4 {[%emt 0:00:01]} Nxb3 {[%emt 0:02:35]} 26. Rxa7 {[%emt 0:00:19]} Rxa7 {[%emt 0:01:34]} 27. Bxa7 {[%emt 0:00:05]} Ra8 1/2-1/2